Las razas humanas

محفوظ في:
التفاصيل البيبلوغرافية
المؤلف الرئيسي: Vallois, Henri V
التنسيق: كتاب
اللغة:الإسبانية
منشور في: Buenos Aires, Argentina EUDEBA 1964
سلاسل:Cuadernos de Eudeba. 111
الموضوعات:
الوسوم: إضافة وسم
لا توجد وسوم, كن أول من يضع وسما على هذه التسجيلة!

MARC

LEADER 00000nam a2200000 a 4500
001 UCS3929
003 CL-VaPUC
005 20250225115630.0
008 970718e19640000AG |||||||||||||||||spa|d
999 |c 261391  |d 261389 
040 |c Pontificia Universidad Católica de Valparaíso 
082 0 4 |a 572 VAL 1964  |2 21 
100 0 |a Vallois, Henri V  |9 390102 
245 1 4 |a Las razas humanas 
260 0 3 |a Buenos Aires, Argentina  |b EUDEBA  |c 1964 
300 |a 103 páginas 
490 0 |a Cuadernos de Eudeba.  |v 111 
583 |a last modification  |c 19970718 00:00:00  |k Rodrigo Vera 
650 0 |a Razas  |9 326658 
650 7 |a GRUPOS RACIALES  |2 CL-VaPUC  |9 324199 
650 7 |a HOMBRE  |2 CL-VaPUC  |9 262149 
650 7 |a ESPECIE HUMANA  |2 CL-VaPUC  |9 337223 
650 0 |a Evolución  |9 259442 
650 0 |a Ciencias de la vida  |9 314137 
650 0 |a Biología  |9 262022 
942 |c BK  |2 ddc 
945 |d 19970718 00:00:00  |a jquezada 
952 |0 0  |1 0  |2 ddc  |4 0  |6 572_000000000000000_VAL_1964  |7 0  |8 A  |9 288790  |a BIBCUR  |b BIBCUR  |d 2019-11-19  |i 3323471  |o 572 VAL 1964  |p 3323471  |r 2025-04-22  |t 1  |w 2019-11-19  |y BK  |k BIO